| 000 | 00590nam a22001937a 4500 | ||
|---|---|---|---|
| 005 | 20251108174945.0 | ||
| 008 | 250721s2007 xx 000 0 ara d | ||
| 020 | _a9774360680 | ||
| 082 | 1 | 4 | _a371.95/عاد |
| 100 | 1 |
_aعادل، أيمن محمد _eمؤلف |
|
| 245 | 1 | 0 | _aرعاية الطفل الموهوب / |
| 264 | 1 |
_aمصر : _bمكتبة النافذة، _c2007. |
|
| 300 | _a179ص. | ||
| 490 | 0 | _aإصدارات مكتبة النافذة في التربية | |
| 650 | 1 | 7 | _aالطلاب الموهون |
| 650 | 1 | 7 | _aالأطفال |
| 942 |
_2ddc _cBK |
||
| 999 |
_c122483 _d122483 |
||